000 00303nam a22001337a 4500
008 171127b xxu||||| |||| 00| 0 eng d
020 _a9780801601750
041 _aeng
080 _a7 ED
100 _a3
101 _aMJE
245 _aLEARNING MEDICAL TERMINOLOGY
_cAUSTRIN.M.G
942 _2udc
_cBK
999 _c38558
_d38558